Napoleon Sieg oder Niederlage ? - Statistiken

Allgemein
  • Dieses Quiz wurde 66 mal gespielt
  • Das Durchschnittsergebnis liegt bei 5 aus 17
Answers on the Grid
Answers color-coded by a green-red scale on the quiz's grid according to % correct below.
Waterloo
Wagram
Ulm
Trafalgar
somosierra
Smolensk
Schlacht um Bonn
Schlacht bei den Pyramiden
Russlandfeldzug
Regensburg
Paris
Marengo
Lyon
Lützen
London
Lodi
Lissabon
Ligny
Leipzig
La Rothiére
Jena-Auerstedt
Italienfeldzug
Friedland
fleurus
Borondino
Berlin
Bautzen
Austerlitz
Aspern-Essling
Andorra
 
Antwortstatistiken
Antwort % Korrekt
Ulm
48%
Wagram
48%
Schlacht bei den Pyramiden
45%
Italienfeldzug
41%
Jena-Auerstedt
41%
Smolensk
41%
Marengo
38%
Austerlitz
31%
Borondino
28%
Ligny
28%
Friedland
24%
Lodi
24%
Regensburg
24%
Lützen
17%
somosierra
14%
Bautzen
10%
fleurus
10%
Keine übereinstimmenden Quizze gefunden
Verteilung der Resultate
Anzahl Personen mit jedem Resultat
Perzentil nach korrekt beantworteten Fragen
Ihre Resultats-Entwicklung
Sie haben dieses Quiz noch nicht gespielt